000
00260nam a22001217a 4500
008
181217b xxu||||| |||| 00| 0 eng d
041
_a
eng
080
_2
2nd
_a
510
100
_a
36
101
_a
MAT
245
_a
Analytic Functions
_c
Saks,S
942
_2
udc
_c
BK
999
_c
53276
_d
53276